Comparison of Life Ways from the Viewpoints of Slovak and Spanish University Students
Hlavným cieľom výskumu je zistiť, či sú životné cesty slovenských a španielskych študentov rozdielne alebo podobné. Výskumnú vzorku tvorí 210 slovenských a 102 španielskych študentov. Údaje sa zbierali dotazníkom, ktorý podrobne popisuje všetky spôsoby života a na štatistickú analýzu sme použili jed...
Gespeichert in:
| 1. Verfasser: | |
|---|---|
| Weitere Verfasser: | , |
| Format: | Buchkapitel |
| Sprache: | Englisch |
| Schlagworte: | |
| Tags: |
Keine Tags, Fügen Sie das erste Tag hinzu!
|
MARC
| LEADER | 00000naa a2200000 4500 | ||
|---|---|---|---|
| 001 | 0301321 | ||
| 005 | 20251106080634.7 | ||
| 041 | 0 | |a eng | |
| 044 | |a RS | ||
| 245 | 1 | 0 | |a Comparison of Life Ways from the Viewpoints of Slovak and Spanish University Students |c Zuzana Chmelárová, Ladislav Pasiar, Diana Patricia Varela Cano |
| 520 | |a Hlavným cieľom výskumu je zistiť, či sú životné cesty slovenských a španielskych študentov rozdielne alebo podobné. Výskumnú vzorku tvorí 210 slovenských a 102 španielskych študentov. Údaje sa zbierali dotazníkom, ktorý podrobne popisuje všetky spôsoby života a na štatistickú analýzu sme použili jednosmernú, multifaktorovú analýza rozptylu (ANOVA). | ||
| 610 | 2 | 0 | |a študenti |
| 610 | 2 | 0 | |a školy vysoké |
| 610 | 2 | 0 | |a štýl životný |
| 610 | 2 | 0 | |a dotazníky |
| 100 | 1 | |a Chmelárová, Zuzana, 1967- | |
| 700 | 1 | |a Pasiar, Ladislav, 1984- | |
| 700 | 1 | |a Varela Cano, Diana Patricia, 1964- | |